000 00888cam a2200241 a 4500
005 20140813065106.0
008 140813s1993 mx fr 0 1 spa d
020 _a9683634516
040 _aCO-BoUCM
_bspa
_cJose A. Gerena
_dJose A. Gerena
041 0 _aspa
100 1 _aPeña, Lorenzo
_963745
245 1 0 _aIntroducción a las lógicas no clásicas
_cLorenzo Pena
260 _aMéxico D.F. (México)
_bUniversidad Nacional Autonoma de México
_c1993
300 _a240 páginas
490 _aColección Cuadernos
_v60
650 7 _aLógica matemática
_918796
650 7 _aLógica
_918789
650 7 _aLógica matemática no clásica
_918797
690 _942870
_aMatemáticas
710 2 _aUniversidad Nacional Autónoma de México
_bInstituto de Investigaciones Filosóficas
_963746
942 _2DEWEY
_a25
_cLIBRORESER
_e1
_h511.3
_mP349
999 _c273732
_d273732